Xây dựng phần mềm phân tích PGNAA : Tóm tắt luận văn thạc sĩ Vật lý /

Wedi'i Gadw mewn:
Manylion Llyfryddiaeth
Prif Awdur: Hoàng Sỹ Minh Tuấn
Awduron Eraill: Mai Xuân Trung TS (hướng dẫn)
Fformat: Luận văn
Iaith:Vietnamese
Cyhoeddwyd: Đà lạt : Đà lạt, 2004
Tagiau: Ychwanegu Tag
Dim Tagiau, Byddwch y cyntaf i dagio'r cofnod hwn!
Thư viện lưu trữ: Thư viện Trường Đại học Đà Lạt
LEADER 00843nam a2200265 4500
001 DLU050031002
005 ##20050315
040 # # |a DLU  |b vie 
041 # # |a vie 
044 # # |a vn 
082 # # |a 530  |b HO-T 
100 # # |a Hoàng Sỹ Minh Tuấn 
245 # # |a Xây dựng phần mềm phân tích PGNAA :  |b Tóm tắt luận văn thạc sĩ Vật lý /  |c Hoàng Sỹ Minh Tuấn; Mai Xuân Trung hướng dẫn 
260 # # |a Đà lạt :  |b Đà lạt,  |c 2004 
300 # # |a 24 tr. ;  |c 21 cm 
700 # # |a Mai Xuân Trung  |c TS  |e hướng dẫn 
915 # # |a Vật lý kỹ thuật  |b 1.03.08  |c Thạc sĩ  |d Trường Đại học Đà lạt  |e Bộ Giáo dục và Đào tạo 
994 # # |a DLU 
900 # # |a True 
911 # # |a Đào Thị Thu Huyền 
925 # # |a G 
926 # # |a A 
927 # # |a LA 
980 # # |a Thư viện Trường Đại học Đà Lạt